00785nam a2200193Ia 4500020001800000082001500018245005700033260003300090300001200123440003000135504019100165650001800356650002900374650002800403650003500431650003100466700002200497710007200519 a81-85835-51-9 a303.4 CHA- 0aChallenges for nation building in a world in turmoil aChandigarhbthe authorc2006 axi, 464 aHaksar memorial volume; 3 aPapers presented at the fourth Haksar memorial seminar-cum-lecture series on nation building, development process, communication and governance organised by CRRID from 9-15 November 2005 aSocial change aTerrorismvSocial apects aInternational relations aDecentralization in government aHaksar, Parameshwar Narain aBanerjee, Subrata aCentre for Research in Rural and Industrial Development, Chandigarh